Quantitative techniques & computer applications: (Record no. 7711)
[ view plain ]
| 000 -LEADER | |
|---|---|
| fixed length control field | 00596nam a22001817a 4500 |
| 008 - FIXED-LENGTH DATA ELEMENTS--GENERAL INFORMATION | |
| fixed length control field | 171110b xxu||||| |||| 00| 0 eng d |
| 020 ## - INTERNATIONAL STANDARD BOOK NUMBER | |
| International Standard Book Number | 971-11-1002-4 |
| 082 ## - DEWEY DECIMAL CLASSIFICATION NUMBER | |
| Edition number | 1999 |
| Classification number | DFil 545 |
| Item number | M36q |
| 100 ## - MAIN ENTRY--PERSONAL NAME | |
| 9 (RLIN) | 23188 |
| Personal name | Martin, Matt L. |
| 245 ## - TITLE STATEMENT | |
| Title | Quantitative techniques & computer applications: |
| Remainder of title | for business and engineering/ |
| Statement of responsibility, etc. | Matt L. Martin |
| 250 ## - EDITION STATEMENT | |
| Edition statement | First Edition |
| 260 ## - PUBLICATION, DISTRIBUTION, ETC. (IMPRINT) | |
| Place of publication, distribution, etc. | Quezon City: |
| Name of publisher, distributor, etc. | JMC Press, Inc., |
| Date of publication, distribution, etc. | 1999. |
| 300 ## - PHYSICAL DESCRIPTION | |
| Extent | x, 253 pages: |
| Other physical details | illustrations; |
| Dimensions | 28 cm. |
| 500 ## - GENERAL NOTE | |
| General note | Includes glossary. |
| 650 #0 - SUBJECT ADDED ENTRY--TOPICAL TERM | |
| 9 (RLIN) | 23189 |
| Topical term or geographic name as entry element | Quantitative analysis |
| 365 ## - TRADE PRICE | |
| Price amount | 265.00 |
| Currency code | Php |
| 942 ## - ADDED ENTRY ELEMENTS (KOHA) | |
| Source of classification or shelving scheme | Dewey Decimal Classification |
| Koha item type | Filipiniana |
| Withdrawn status | Lost status | Source of classification or shelving scheme | Damaged status | Not for loan | Collection code | Home library | Current library | Date acquired | Source of acquisition | Cost, normal purchase price | Total Checkouts | Full call number | Barcode | Date last seen | Copy number | Price effective from | Koha item type |
|---|---|---|---|---|---|---|---|---|---|---|---|---|---|---|---|---|---|
| Dewey Decimal Classification | Filipiniana | UM Digos College - LIC | UM Digos College - LIC | 09/13/2004 | Purchased | 265.00 | DFil 545 M36q 1999 | 17820 | 05/15/2025 | 3 | 11/10/2017 | Filipiniana | |||||
| Dewey Decimal Classification | Filipiniana | UM Digos College - LIC | UM Digos College - LIC | 09/13/2004 | Purchased | 265.00 | DFil 545 M36q1999 | 17819 | 05/15/2025 | 2 | 11/10/2017 | Filipiniana | |||||
| Dewey Decimal Classification | Filipiniana | UM Digos College - LIC | UM Digos College - LIC | 09/13/2004 | Purchased | 265.00 | DFil 545 M36q 1999 | 17818 | 05/15/2025 | 1 | 11/10/2017 | Filipiniana |
